000 00475 a2200181 4500
001 143543
040 _cLeonardo Da Vinci
041 _aPortuguês
082 _aI S426c
_bS426c
100 _aSCHWARCZ, Angeli Lilia Moritz
245 _aCai o império
_brepública vou ver!
250 _a2.ed
260 _bBeasiliense
_c1984
_aSão Paulo
300 _a95
362 _a19840000
697 _aLiteratura infantil
_aRepública
_aCidadania
_aEnsino fundamental
942 _cBK
999 _c143543
_d143543